Minecraft movie sudden death - Statistics

General Stats
  • This quiz has been taken 338 times
  • The average score is 7 of 11
Answers on the Grid
Answers color-coded by a green-red scale on the quiz's grid according to % correct below.
"Flint and steel"
"Iron armor, full set!"
"Spider Jockey"
"This, is a crafting table"
"Slime cube"
"Lava bucket, release"
"Chicken Jockey"
"I... am Steve"
"This, is an enderman"
"As a child, I yearned for the mines"
"you were supposed to be a hero Brian"
"First we mine, then we craft, lets Minecraft!"
"The Nether"
"The icewalker boots"
"Lava Cow"
"Its just a snow golem"
"They love crushing loaf"
"Big ol red ones"
"This, is an ender pearl"
"Gold armor, full set!"
 
Answer Stats
Answer % Correct
"Chicken Jockey"
81%
"I... am Steve"
81%
"Flint and steel"
70%
"The Nether"
68%
"As a child, I yearned for the mines"
65%
"First we mine, then we craft, lets Minecraft!"
60%
"This, is a crafting table"
60%
"This, is an ender pearl"
57%
"Big ol red ones"
53%
"They love crushing loaf"
53%
"Slime cube"
42%
No matching quizzes found
Score Distribution
Percent of People with Each Score
Percentile by Number Answered
Your Score History
You have not taken this quiz